000 00432nab a2200145Ia 4500
003 ES-SlBCS
005 20210601140926.0
008 140529s2004 xxu||||| |||| 00| 0 spa d
041 _aspa
100 1 _aLlano Neira, Pedro de
_9219733
245 0 0 _aLa piel más reciente
_c Pedro de Llano Neira
651 4 _aSantiago de Compostela
_986283
773 0 _tDescubrir el Arte
_gvol. 6, nº. 64, 2004, págs. 40-42
_wRev1149
942 _cAR
999 _c652317
_d652317